000 00309nam a22001337a 4500
008 170310b xxu||||| |||| 00| 0 eng d
020 _a9780781743716
041 _aeng
080 _a616-002.77
100 _a7
101 _aSHM
245 _aRHEUMATOLOGY SUBSPECIALTY CONSULT
_cLATINIS, K.M
942 _2udc
_cBK
999 _c7455
_d7455